| 000 | 01747nam a2200289Ia 4500 | ||
|---|---|---|---|
| 999 |
_c53251 _d53251 |
||
| 001 | 20292 | ||
| 003 | GE_BSU | ||
| 005 | 20200826222640.0 | ||
| 008 | 181216s2014||||ge |||||||||||||| ||geo|| | ||
| 020 | _a978-9941-0-7062-4 | ||
| 020 | _cონლაინ რესურსები: გვ.361-362 | ||
| 040 | _cGE_BSU | ||
| 041 | _ageo | ||
| 080 | _a070 : 34 ჯ-71 | ||
| 100 |
_aჯორბენაძე, სერგი _99343 |
||
| 245 |
_aმედიასამართალი : _bსახელმძღვანელო / _cსერგი ჯორბენაძე, უშანგი ბახტაძე, ზურაბ მაჭარაძე ; სერგი ჯორბენაძის საერთო რედაქციით. |
||
| 264 |
_aთბილისი : _bსტ. "კოლორი, _c2014. |
||
| 300 |
_a362 გვ. ; _c24 სმ. _eშემოკლებანი : გვ. 10 |
||
| 504 | _a ბიბლიოგრაფია : გვ. 340-362 | ||
| 653 | _aმედიასამართალი | ||
| 653 | _aსაქართველოს კანონი მაუწყებლობის მოწესრიგების შესახებ | ||
| 653 | _aსაქართველოს კანონი მედიის შესახებ | ||
| 653 | _a საქართველოს კანონი ინტერნეტის მოწესრიგების შესახებ | ||
| 700 |
_aჯორბენაძე, სერგი _eრედაქტორი _99343 |
||
| 710 |
_aდავით ბატონიშვილის სამართლის ინსტიტუტი _98185 |
||
| 942 |
_cBK _2udc |
||